| 000 | 00634nam a2200217 a 4500 | ||
|---|---|---|---|
| 003 | DO-SdBNP | ||
| 005 | 20230428152024.0 | ||
| 007 | ta | ||
| 008 | 190422s2016 dr 000 spa d | ||
| 020 | _a9789945902266 | ||
| 040 |
_aDO-SdBNP _bspa _cBNPHU _erda |
||
| 082 | 4 | _222 | |
| 245 | 0 | 0 | _aCírculos universitarios de promoción de lectura : guía para la apuesta en marcha. |
| 264 |
_aSanto Domingo : _bOEI, _c2016. |
||
| 300 |
_a27 páginas ; _c28 cm. |
||
| 336 |
_2rdacontent _atexto _btxt |
||
| 337 |
_2rdamedia _asin mediación _bn |
||
| 338 |
_2rdacarrier _avolumen _bnc |
||
| 590 | _aInventariado, 2023/BT | ||
| 942 |
_2ddc _cLF2 |
||
| 999 |
_c48346 _d48346 |
||